Charlie the noisy caterpillar
| Main Author: | |
|---|---|
| Format: | Book |
| Published: |
Loughborough :
Ladybird Books ,
19__
|
MARC
| LEADER | 00000cam a2200000 7i4500 | ||
|---|---|---|---|
| 001 | 0000003452 | ||
| 002 | 000003720 | ||
| 005 | 20000330.0 | ||
| 020 | |a 0721495974 | ||
| 090 | 0 | 0 | |a JF |b NEW |
| 100 | 1 | |a Newman, Nanette | |
| 245 | 1 | 0 | |a Charlie the noisy caterpillar |c Nanette Newman ; illustrated by Suhie Lacome |
| 260 | |a Loughborough : |b Ladybird Books , |c 19__ | ||
| 300 | |a 25p. : |b ill. ; |c 18cm. | ||
| 999 | |a 036973 |b BUKU |c PINJAMAN |e PERPUSTAKAAN KOMUNITI PETALING JAYA | ||